The Duolingo Quiz - Statistics

General Stats
  • This quiz has been taken 5 times
  • The average score is 2 of 7
Answer Stats
Hint Answer % Correct
Last XP Olympian Award 30,000 XP
75%
The Last League Diamond League
75%
First XP Olympian Award 250 XP
25%
Weeks in the Tournament 3 Weeks
25%
Last Sleepwalker Award 250 Lessons after 10 Pm
0%
When Streak Society VIP 365 Day Streak
0%
Timing of Year in Review December 1 at 00:00 Am
0%
No matching quizzes found
Score Distribution
Percent of People with Each Score
Percentile by Number Answered
Your Score History
You have not taken this quiz